Marketing vybraného podniku diplomová práca

Na minha lista:
Detalhes bibliográficos
Autor principal: Suchárová, Denisa
Autor Corporativo: Obchodná fakulta EU. Katedra marketingu
Outros Autores: Rehák, Róbert, 1984-
Formato: Livro
Idioma:eslovaco
Publicado em: Bratislava 2022
Tags: Adicionar Tag
Sem tags, seja o primeiro a adicionar uma tag!

MARC

LEADER 00000nbm a2200000 4500
001 0284158
005 20221130085148.1
041 0 |a slo 
044 |a SK 
245 1 0 |a Marketing vybraného podniku  |b diplomová práca  |c Denisa Suchárová ; školiteľ: Róbert Rehák 
264 1 |a Bratislava  |c 2022 
300 |a 80 s. 
100 1 |a Suchárová, Denisa 
700 1 |a Rehák, Róbert, 1984- 
710 2 |a Obchodná fakulta EU. Katedra marketingu